Statistics for Roman Empire Facts: True or False?

Click here to take the quiz!

General Stats

  • This quiz has been taken 82 times
    (62 since last reset)
  • The average score is 10 of 15

Answer Stats

QuestionAnswer% Correct
The Roman Empire's capital was Damascus.False
95%
The Roman Empire was ruled by kings.False
86%
Before the Roman Empire was created, it was a republic.True
85%
During the Roman Empire, the Colosseum was used as the parliament.False
81%
During Roman times, France was known as Catalonia.False
78%
The Roman Empire was one of the only countries which managed to conquer part of the United KingdomTrue
78%
The peak of the Roman Empire at its greatest extent was in 117AD.True
76%
The Roman Empire once controlled parts of modern-day Ukraine.True
73%
The Roman Empire began in 753BC.False
69%
The Roman Empire survived for a total of 449 years (From the start of the Roman Empire to the collapse of the western Roman Empire).True
68%
The Roman Empire once controlled parts of modern-day Sudan.True
59%
The collapse of the Roman Empire was mainly due to social reform throughout the empire.False
58%
The Roman Empire once controlled parts of modern-day PolandFalse
56%
The population of the Roman Empire in 1AD was over 90 million people.False
47%
The Roman Emperor, Constantine the Great, resided in York for the entire time of his rule.True
19%

Score Distribution

Percentile by Number Answered

Percent of People with Each Score

Your Score History

You have not taken this quiz since the last reset